| 000 | 00526nam a2200169 a 4500 | ||
|---|---|---|---|
| 001 | 000035405 | ||
| 005 | 20200930074322.0 | ||
| 008 | 111031s1983 ag b 000 0 spa d | ||
| 020 | _a950150235x | ||
| 040 |
_aDO-SdBNP _bspa _cBNPHU |
||
| 082 |
_axxx _bA917c |
||
| 100 | 1 |
_aAuel, Jean _961182 |
|
| 240 | 1 | 4 |
_aThe Clan of the Cave Bear _lespaƱol |
| 245 | 1 | 3 |
_aEl clan del oso cavernario / _cJean M. Auel ; tradución Leonor Tejada. |
| 260 |
_aArgentina : _bJavier Vergara editor, _c1983. : _bmap. ;. |
||
| 300 |
_a342 p. ; _c20 cm. |
||
| 999 |
_c34896 _d34896 |
||